Exploring entrepreneurial competencies in identifying ideas and opportunities, managing resources, and taking action : (Record no. 23237)
[ view plain ]
| 000 -LEADER | |
|---|---|
| fixed length control field | 01008nam a22001937a 4500 |
| 005 - DATE AND TIME OF LATEST TRANSACTION | |
| control field | 20250828185449.0 |
| 008 - FIXED-LENGTH DATA ELEMENTS--GENERAL INFORMATION | |
| fixed length control field | 241126b |||||||| |||| 00| 0 eng d |
| 082 ## - DEWEY DECIMAL CLASSIFICATION NUMBER | |
| Classification number | DPer 647.95 J826 January-December 2019 v. 22 n. 1-6 |
| 100 ## - MAIN ENTRY--PERSONAL NAME | |
| Personal name | Gustomo, Aurik. |
| Relator term | author. |
| 9 (RLIN) | 64315 |
| 245 ## - TITLE STATEMENT | |
| Title | Exploring entrepreneurial competencies in identifying ideas and opportunities, managing resources, and taking action : |
| Remainder of title | evidence from small catering business owners in Bandung, Indonesia / |
| Statement of responsibility, etc. | Aurik Gustomo, Astri Ghina, Grisna Anggadwita, and Sri Herliana. |
| 260 ## - PUBLICATION, DISTRIBUTION, ETC. (IMPRINT) | |
| Place of publication, distribution, etc. | Philadelphia ; |
| Name of publisher, distributor, etc. | Taylor & Francis Group , |
| Date of publication, distribution, etc. | November-December 2019. |
| 300 ## - PHYSICAL DESCRIPTION | |
| Extent | Volume 22, pages 509-528 : |
| Other physical details | illustration ; |
| Dimensions | 26 cm. |
| 500 ## - GENERAL NOTE | |
| General note | Journal of Foodservice Business Research, vol. 22, no. 6, pages 509-528, November-December 2019. |
| 700 ## - ADDED ENTRY--PERSONAL NAME | |
| Personal name | Gustomo, Aurik. |
| Relator term | author. |
| 9 (RLIN) | 64315 |
| 700 ## - ADDED ENTRY--PERSONAL NAME | |
| Personal name | Ghina, Astri. |
| Relator term | author. |
| 9 (RLIN) | 64316 |
| 700 ## - ADDED ENTRY--PERSONAL NAME | |
| Personal name | Anggadwita, Grisna. |
| Relator term | author. |
| 9 (RLIN) | 64317 |
| 700 ## - ADDED ENTRY--PERSONAL NAME | |
| Personal name | Herliana, Sri. |
| Relator term | author. |
| 9 (RLIN) | 64318 |
| 942 ## - ADDED ENTRY ELEMENTS (KOHA) | |
| Source of classification or shelving scheme | Dewey Decimal Classification |
| Koha item type | Periodicals |
| Withdrawn status | Lost status | Source of classification or shelving scheme | Damaged status | Not for loan | Collection code | Home library | Current library | Date acquired | Total Checkouts | Date last seen | Price effective from | Koha item type | Public note |
|---|---|---|---|---|---|---|---|---|---|---|---|---|---|
| Dewey Decimal Classification | Periodicals | UM Digos College - LIC | UM Digos College - LIC | 11/26/2024 | 11/26/2024 | 11/26/2024 | Periodicals | Periodical Article |
